00343nam a2200121Ia 4500008004100000020002200041041000800063082002300071100001900094245006200113260003700175300000900212230411s9999 xx 000 0 und d a978 0 7637 3181 6 aeng aN/613.2/CHE/B05038 aChernoff Ronni aGeriatrics Nutrition : The health professionals handbook. bJones and BartlettaBostonc2006 a575p